Super héros Marvel (difficile #3) - Statistiques

Statistiques générales
  • Ce quiz a été pris 87 fois
  • Le résultat moyen est 8 sur 16
Statistiques - réponses
Par images Réponse % Correct
Spiderwoman
88%
Chatte Noire
84%
Adam Warlock
74%
Super Skrull
70%
L'Homme Chose
68%
Blob
59%
Mister Sinistre
58%
Agatha Harkness
55%
Arnim Zola
52%
Leader
51%
Titania
44%
Elsa Bloodstone
40%
Baron Mordo
37%
Sunspot
23%
Wolfsbane
19%
Uatu le Gardien
15%
Aucun quiz correspondant
Distribution des résultats
% des personnes avec chaque résultat
Percentile par nombre de réponses
Votre historique - résultats
Vous n’avez pas pris ce quiz